000 01190pam a2200385 a 4500
001 7231
003 FISKH
005 20250703102510.0
008 931117s1994 nyua j 000 1 eng
010 _a 93043742
020 _a0590483692
020 _a9780590483698
040 _aDLC
_cDLC
_dDLC
_beng
050 _aPZ8.M127 S
082 _a 796.334
100 1 _aMaccarone, Grace.
245 1 0 _aSoccer game! /
_cby Grace Maccarone ; illustrated by Meredith Johnson.
260 _aNew York :
_bScholastic,
_c1994.
300 _a32 unnumbered pages :
_bcolor illustrations ;
_c23 cm
336 _atext
_btxt
_2rdacontent
337 _aunmediated
_bn
_2rdamedia
338 _avolume
_bnc
_2rdacarrier
490 _aHello reader! :
_vLevel 1
500 _aCartwheel Books
505 _aE
520 _aBrief rhyming text follows a group of children through some exciting plays during a soccer game.
521 8 _a180
_bLexile
521 8 _aE
_bRaz-Plus
650 1 _aSoccer
_xFiction.
650 1 _aStories in rhyme.
700 1 _aJohnson, Meredith,
_eillustrator
906 _a7
_bcbc
_corignew
_d1
_eocip
_f19
_gy-gencatlg
942 _2ddc
_cBK
_n0
999 _c7231
_d7231